1828 1958 1000 1262 1776 1425 1843 1370 1939 1174 1301 1537 1527 1802 1066 1203 1328 1105 1153 1206 1575 1285 1830 1194 1801 1933 1808 1518 1687 1900 1525 1647 1263 1182 1121 1346 1019 1113 1286 1617 1676 1188 1019 1818 1026 1459 1820 1405 1860 1500 1976 1676 1477 1844 1096 1851 1008 1255 1746 1735 1789 1323 1300 1691 1316 1139 1036 1287 1604 1277 1590 1473 1167 1628 1800 1685 1555 1197 1737 1013 1078 1345 1969 1628 1762 1273 1032 1952 1473 1112 1941 1862 1805 1350 1947 1595 1517 1140 1571 BCNSPRNW ULIB Ver.6.0+V

เปลี่ยนเป็นภาษาไทย

Change to English
 แสดงรายละเอียดบรรณานุกรม
  กลับหน้าหลัก

Brief Record : Get Marc (ISO 2709) : E-mail record : QR code < ปิดหน้าต่าง
LEADER : 00000nam 2200000uu 4500
001    13399124354
003     ULIB
008    150520s2557||||th 000 0 tha d
060  4 ^aWY18.2^bส927
110    ^aกระทรวงสาธารณสุข.^bสำนักงานปลัดกระทรวงสาธารณสุข.^bสถาบันพระบรมราชชนก.^bเครือข่ายวิทยาลัยพยาบาลภาคเหนือ.
245    ^aสาระทบทวนวิชาการพยาบาลบุคคลที่มีปัญหาทางจิต/^cคณาจารย์วิทยาลัยพยาบาลเครือข่ายภาคเหนือ สถาบันพระบรมราชชนก
250    ^aพิมพ์ครั้งที่ 1
260    ^aมปก :^bเครือข่ายวิทยาลัยพยาบาลภาคเหนือ สถาบันพระบรมราชชนก.,^c2557
300    ^a252 หน้า;^b30 ซม.
650    ^aกฎหมายและจรรยาบรรณวิชาชีพการพยาบาล^xสาระทบทวน
650    ^aกฎหมายและจรรยาบรรณวิชาชีพการพยาบาล^xเตรียมสอบ
700 0  ^aสุทธามาศ อนุธาตุ,^eบรรณาธิการ
700 0  ^aเกศกาญจน์ ทันประภัสสร,^eบรรณาธิการ
700 0  ^aสมาภรณ์ เทียนขาว,^eบรรณาธิการ
700 0  ^aภุมรินทร์ อินชัวนี,^eบรรณาธิการ
945    ^p0^l0^i22944
945    ^p0^l0^i22945
999    ^aทศพร เกษรทอง
รายการนี้ยังไม่มีแท็ก
คุณยังไม่ได้ล็อกอิน คุณสามารถมีกิจกรรมร่วมกับเว็บไซต์ได้ แต่ต้องล็อกอินก่อน ::
  ล็อกอิน

รายการสื่อสารสนเทศ

ลำดับที่ ประเภท เลขเรียก/บาร์โค้ด สถานที่ สถานะ
1. Book การพยาบาล
หนังสือสำรอง
สถานะ=หนังสือสำรอง
WY18.2 ส927 ฉ.1 
  Barcode: 22944
ห้องสมุดวิทยาเขตนครสวรรค์
►หนังสือทั่วไป:l:General Books
บนชั้น
2. Book การพยาบาล
Book การพยาบาล
WY18.2 ส927 ฉ.2 
  Barcode: 22945
ห้องสมุดวิทยาเขตนครสวรรค์
►หนังสือทั่วไป:l:General Books
บนชั้น

BibComment


ยังไม่เคยถูกคอมเมนท์

คอมเมนท์ทรัพยากรรายการนี้
  คอมเมนท์: สาระทบทวนวิชาการ..


 Copyright 2026. Bcnsprnw @Library